[Event "TUR-chT 2nd League"]
[Site "Konya"]
[Date "2022.08.23"]
[Round "3.8"]
[White "Zeynalli, Rashad Hamza"]
[Black "Eynullayev, Atilla Elshan"]
[Result "1-0"]
[WhiteElo "2187"]
[BlackElo "2328"]
[PlyCount "79"]
[EventDate "2022.08.22"]
[EventType "team-swiss"]
[EventRounds "9"]
[EventCountry "TUR"]
[SourceTitle "CBM 210 Extra"]
[Source "ChessBase"]
[SourceDate "2022.11.30"]
[SourceVersion "1"]
[SourceVersionDate "2022.11.30"]
[SourceQuality "1"]
[WhiteTeam "Karaman Yunus Emre"]
[BlackTeam "Gaziantep Sader"]
[WhiteTeamCountry "TUR"]
[BlackTeamCountry "TUR"]

1. e4 c5 2. Nf3 d6 3. d4 cxd4 4. Nxd4 Nf6 5. Nc3 a6 6. Be3 e5 7. Nf3 Be7 8. Bc4 Be6 9. Bxe6 fxe6 10. Ng5 Qd7 11. Qf3 h6 12. Qh3 Nc6 13. Na4 Bd8 14. 0-0-0 Qe7 15. Nxe6 Ba5 16. Nb6 Rb8 17. Nc4 Bb4 18. a3 b5 19. Nb6 Ba5 20. Nd5 Nxd5 21. exd5 Nd8 22. Qh5+ Kd7 23. f4 b4 24. axb4 Rxb4 25. fxe5 Kc8 26. exd6 Qd7 27. Nc5 Qxd6 28. Qh3+ Kb8 29. Qg3 Qxg3 30. hxg3 Rc4 31. b3 Rg4 32. Kb2 Nb7 33. Nxa6+ Kc8 34. d6 Kd7 35. Bf4 g5 36. Be5 Re8 37. Rxh6 Rxe5 38. Rh7+ Kd8 39. Rxb7 Rxg3 40. b4 1-0

[Event "Titled Tuesday intern op 5th March"]
[Site "Chess.com INT"]
[Date "2019.03.05"]
[Round "8"]
[White "Volovich, Vasily"]
[Black "Zeynalli, Rashad Hamza"]
[Result "0-1"]
[WhiteElo "2138"]
[BlackElo "2290"]
[PlyCount "98"]
[EventDate "2019.03.05"]
[EventType "swiss (blitz)"]
[EventRounds "10"]
[EventCountry "USA"]
[SourceTitle "EXT 2021"]
[Source "ChessBase"]
[SourceDate "2020.10.23"]
[SourceVersion "1"]
[SourceVersionDate "2020.10.23"]
[SourceQuality "1"]

1. e4 d6 2. d4 Nf6 3. Nc3 g6 4. Be2 Bg7 5. h4 c5 6. d5 h5 7. Nf3 0-0 8. 0-0 e6 9. dxe6 Bxe6 10. Bg5 Nc6 11. Qd2 Qb6 12. Rab1 Nd4 13. Nxd4 cxd4 14. Na4 Qc6 15. Qxd4 Nxe4 16. Qb4 Nxg5 17. hxg5 Qxc2 18. Bf3 a5 19. Qe4 Bf5 20. Qh4 Rac8 21. Nb6 Rc5 22. Nd5 Re8 23. Nf6+ Bxf6 24. gxf6 Qd2 25. Rbd1 Qxb2 26. Rxd6 Rc1 27. Rxc1 Qxc1+ 28. Rd1 Re1+ 29. Rxe1 Qxe1+ 30. Kh2 Qe5+ 31. g3 Qb2 32. Kg2 Qxa2 33. Qf4 Qb2 34. Qd6 a4 35. Bd5 Be6 36. Qd8+ Kh7 37. Bxe6 Qe2 38. Bxf7 Qe4+ 39. Kh2 Kh6 40. Qf8+ Kg5 41. Ba2 Qd4 42. Kg2 Qe4+ 43. Kg1 Qe1+ 44. Kg2 Qe4+ 45. Kh2 Qd4 46. f4+ Kg4 47. Qc8+ Kf3 48. f7 Qf2+ 49. Kh3 Qxg3# 0-1

[Event "Titled Tuesday intern op 1st Jan"]
[Site "Chess.com INT"]
[Date "2019.01.01"]
[Round "3"]
[White "Zeynalli, Rashad Hamza"]
[Black "Alvarado Diaz, Alejandro"]
[Result "0-1"]
[WhiteElo "2274"]
[BlackElo "2388"]
[PlyCount "212"]
[EventDate "2019.01.01"]
[EventType "swiss (blitz)"]
[EventRounds "10"]
[EventCountry "USA"]
[SourceTitle "EXT 2021"]
[Source "ChessBase"]
[SourceDate "2020.10.23"]
[SourceVersion "1"]
[SourceVersionDate "2020.10.23"]
[SourceQuality "1"]

1. e4 e5 2. Nf3 Nc6 3. d4 exd4 4. Nxd4 Bc5 5. Nxc6 Qf6 6. Qf3 dxc6 7. Bc4 Ne7 8. Nc3 Bd4 9. Qxf6 Bxf6 10. Ne2 Ng6 11. f4 Bg4 12. h3 Bh4+ 13. Kf1 Bd7 14. g3 Be7 15. Kg2 h5 16. Be3 b6 17. Rad1 Rd8 18. Bd4 f6 19. Bc3 Nf8 20. e5 c5 21. Rhe1 f5 22. Bd5 Be6 23. Bc6+ Kf7 24. Rxd8 Bxd8 25. h4 Ng6 26. Ng1 Ne7 27. Bf3 Nd5 28. Bd2 c4 29. Nh3 Be7 30. Kf2 g6 31. Bxd5 Bxd5 32. Be3 Ke6 33. Rd1 c6 34. c3 a5 35. Rd2 Rb8 36. Ng5+ Bxg5 37. hxg5 b5 38. Ba7 Rb7 39. Bc5 b4 40. Bd4 Rb5 41. Ke1 c5 42. Be3 a4 43. a3 bxc3 44. bxc3 Rb3 45. Bxc5 Rxc3 46. Rb2 Bc6 47. Rb8 Rxg3 48. Rg8 Kd5 49. Bb4 c3 50. Rxg6 Bb5 51. Rd6+ Ke4 52. Kf2 Rf3+ 53. Kg2 c2 54. Bd2 Rd3 55. Rxd3 Kxd3 56. Bc1 Ke2 57. e6 Be8 58. Kg3 Kd1 59. Bb2 c1Q 60. Bxc1 Kxc1 61. g6 Bxg6 62. Kh4 Be8 63. Kg5 Kb2 64. Kxf5 Kxa3 65. Kg5 Kb3 66. f5 a3 67. f6 a2 68. f7 Bb5 69. e7 a1Q 70. e8Q Qg1+ 71. Kh6 Qc1+ 72. Kg7 Qg5+ 73. Kh7 Qf5+ 74. Kh6 Qf6+ 75. Kxh5 Qf5+ 76. Kh4 Qf4+ 77. Kh5 Qf5+ 78. Kh4 Qh7+ 79. Kg5 Qg7+ 80. Kf5 Bd3+ 81. Kf4 Qd4+ 82. Kg3 Qg1+ 83. Kf3 Qf1+ 84. Ke3 Bb5 85. Qe6+ Bc4 86. Qb6+ Kc2 87. Qg6+ Kc1 88. Kd4 Bxf7 89. Qg5+ Kd1 90. Qg4+ Kc1 91. Qg5+ Kb1 92. Qe3 Qc4+ 93. Ke5 Qe6+ 94. Kf4 Qh6+ 95. Kf3 Bd5+ 96. Ke2 Bc4+ 97. Kd2 Qd6+ 98. Kc3 Qa3+ 99. Kd4 Qa7+ 100. Ke4 Bd5+ 101. Kd3 Bc4+ 102. Ke4 Qb7+ 103. Kd4 Qb6+ 104. Ke4 Bd5+ 105. Kf4 Qh6+ 106. Ke5 Qxe3+ 0-1

[Event "Titled Tuesday intern op 4th Dec"]
[Site "Chess.com INT"]
[Date "2018.12.04"]
[Round "3"]
[White "Zeynalli, Rashad Hamza"]
[Black "Ivlev, Aleksey"]
[Result "0-1"]
[WhiteElo "2274"]
[BlackElo "2326"]
[PlyCount "94"]
[EventDate "2018.12.04"]
[EventType "swiss (blitz)"]
[EventRounds "10"]
[EventCountry "USA"]
[SourceTitle "EXT 2021"]
[Source "ChessBase"]
[SourceDate "2020.10.23"]
[SourceVersion "1"]
[SourceVersionDate "2020.10.23"]
[SourceQuality "1"]

1. d4 Nf6 2. c4 e6 3. Nc3 Bb4 4. e3 c5 5. Nge2 cxd4 6. exd4 0-0 7. a3 Be7 8. d5 d6 9. Ng3 a5 10. Bd3 Na6 11. 0-0 Nc5 12. Bc2 Bd7 13. Bg5 a4 14. Re1 b6 15. Be3 Qc7 16. Rc1 Rfe8 17. Bxc5 Qxc5 18. Nxa4 Qc7 19. Bb3 Bf8 20. Nc3 e5 21. Nce4 Nxe4 22. Nxe4 h6 23. Ng3 g6 24. h4 f5 25. h5 g5 26. Bc2 e4 27. f3 Bg7 28. fxe4 f4 29. Nf5 Bxf5 30. exf5 Bxb2 31. Rb1 Bc3 32. Re6 Qc5+ 33. Kh1 Be5 34. Qd3 Rxa3 35. Rxe8+ Kf7 36. Rc8 Rxd3 37. Rxc5 Rd2 38. Rc7+ Kf6 39. Be4 g4 40. Rh7 Kg5 41. Rb7 f3 42. gxf3 Rh2+ 43. Kg1 g3 44. Rb8 Bd4+ 45. Kf1 g2+ 46. Ke2 g1Q+ 47. Kd3 Qe3# 0-1

[Event "Titled Tuesday intern op 4th Dec"]
[Site "Chess.com INT"]
[Date "2018.12.04"]
[Round "4"]
[White "Zeynalli, Rashad Hamza"]
[Black "Zavortink, Matt B"]
[Result "1-0"]
[WhiteElo "2274"]
[BlackElo "2160"]
[PlyCount "69"]
[EventDate "2018.12.04"]
[EventType "swiss (blitz)"]
[EventRounds "10"]
[EventCountry "USA"]
[SourceTitle "EXT 2021"]
[Source "ChessBase"]
[SourceDate "2020.10.23"]
[SourceVersion "1"]
[SourceVersionDate "2020.10.23"]
[SourceQuality "1"]

1. d4 d5 2. c4 e6 3. Nc3 Nf6 4. cxd5 Nxd5 5. e4 Nxc3 6. bxc3 c5 7. Nf3 cxd4 8. cxd4 Bb4+ 9. Bd2 Bxd2+ 10. Qxd2 0-0 11. Bc4 Nd7 12. 0-0 b6 13. d5 Nc5 14. Rfe1 Bb7 15. Rad1 Qf6 16. Nd4 Rfd8 17. Qe3 exd5 18. exd5 h6 19. Nb5 a6 20. Nc3 Rac8 21. Ne4 Nxe4 22. Qxe4 Rc7 23. Bb3 Rcd7 24. Re2 g6 25. Red2 Kg7 26. Qb4 Qd6 27. Qd4+ f6 28. h4 Kh7 29. h5 gxh5 30. Qe4+ Kh8 31. Qg6 Rh7 32. Re2 Rg8 33. Re8 Rxe8 34. Qxe8+ Kg7 35. Re1 1-0

[Event "Titled Tuesday intern op 6th Nov"]
[Site "Chess.com INT"]
[Date "2018.11.06"]
[Round "9"]
[White "Garcia Blanco, Omar"]
[Black "Zeynalli, Rashad Hamza"]
[Result "0-1"]
[WhiteElo "2352"]
[BlackElo "2318"]
[PlyCount "48"]
[EventDate "2018.11.06"]
[EventType "swiss (blitz)"]
[EventRounds "10"]
[EventCountry "USA"]
[SourceTitle "EXT 2021"]
[Source "ChessBase"]
[SourceDate "2020.10.23"]
[SourceVersion "1"]
[SourceVersionDate "2020.10.23"]
[SourceQuality "1"]

1. e4 e5 2. Nf3 Nc6 3. Bb5 Nf6 4. d3 Bc5 5. c3 0-0 6. 0-0 d6 7. Nbd2 a6 8. Ba4 Ba7 9. Re1 Ne7 10. Nf1 Ng6 11. Ng3 h6 12. d4 b5 13. Bb3 Re8 14. h3 exd4 15. cxd4 c5 16. a4 cxd4 17. axb5 axb5 18. Nxd4 Bb7 19. Be3 Nxe4 20. Nxe4 Bxe4 21. Nxb5 Bxe3 22. Rxe3 Rxa1 23. Qxa1 Qg5 24. f3 Qxe3+ 0-1

[Event "Titled Tuesday intern op 2nd Oct"]
[Site "Chess.com INT"]
[Date "2018.10.02"]
[Round "3"]
[White "Arngrimsson, Dagur"]
[Black "Zeynalli, Rashad Hamza"]
[Result "1-0"]
[WhiteElo "2370"]
[BlackElo "2318"]
[PlyCount "67"]
[EventDate "2018.10.02"]
[EventType "swiss (blitz)"]
[EventRounds "10"]
[EventCountry "USA"]
[SourceTitle "EXT 2021"]
[Source "ChessBase"]
[SourceDate "2020.10.23"]
[SourceVersion "1"]
[SourceVersionDate "2020.10.23"]
[SourceQuality "1"]

1. d4 f5 2. Nf3 Nf6 3. g3 g6 4. Bg2 Bg7 5. 0-0 0-0 6. c4 d6 7. Nc3 Qe8 8. Re1 Qf7 9. b3 Ne4 10. Bb2 c5 11. Qc2 Nxc3 12. Bxc3 Nc6 13. dxc5 dxc5 14. Ng5 Qe8 15. Bxg7 Kxg7 16. Qc3+ e5 17. Bxc6 bxc6 18. Nf3 Kf6 19. Qe3 e4 20. Qc3+ Kf7 21. Ne5+ Kg8 22. Rad1 Be6 23. Rd6 Rc8 24. f4 exf3 25. exf3 Qe7 26. Nxg6 hxg6 27. Rexe6 Qh7 28. Rxg6+ Kf7 29. Qf6+ Ke8 30. Qe5+ Qe7 31. Rge6 Rc7 32. Rxe7+ Rxe7 33. Re6 Kf7 34. Rxe7+ 1-0

[Event "Titled Tuesday intern op 2nd Oct"]
[Site "Chess.com INT"]
[Date "2018.10.02"]
[Round "8"]
[White "Zeynalli, Rashad Hamza"]
[Black "Kim, Sergey2222"]
[Result "1-0"]
[WhiteElo "2318"]
[BlackElo "2295"]
[PlyCount "169"]
[EventDate "2018.10.02"]
[EventType "swiss (blitz)"]
[EventRounds "10"]
[EventCountry "USA"]
[SourceTitle "EXT 2021"]
[Source "ChessBase"]
[SourceDate "2020.10.23"]
[SourceVersion "1"]
[SourceVersionDate "2020.10.23"]
[SourceQuality "1"]

1. e4 e5 2. Nf3 Nc6 3. Bb5 a6 4. Ba4 Nf6 5. 0-0 Be7 6. Re1 b5 7. Bb3 0-0 8. h3 Bb7 9. c3 d5 10. exd5 Nxd5 11. Nxe5 Nxe5 12. Rxe5 Nf4 13. d4 Nxg2 14. d5 Nh4 15. Nd2 Bd6 16. Rh5 Qe7 17. Nf1 Ng6 18. Bg5 f6 19. Be3 Ne5 20. Qc2 g6 21. Rh6 Rae8 22. Nh2 f5 23. Bf4 Nf7 24. Qd2 Nxh6 25. Bxh6 Rf7 26. Nf3 f4 27. Ng5 Qe2 28. Qxe2 Rxe2 29. Nxf7 Kxf7 30. Rb1 Kf6 31. h4 Ke5 32. Bg7+ Kf5 33. Kf1 f3 34. Bd1 Re7 35. Bd4 Bxd5 36. Bc2+ Be4 37. Bxe4+ Rxe4 38. Rd1 Rxh4 39. Kg1 Rg4+ 40. Kf1 h5 41. Rd3 h4 42. Rxf3+ Ke4 43. Rf7 Kd5 44. Rh7 g5 45. Ke2 Re4+ 46. Kd3 Re7 47. Rh5 Bf4 48. Bf6 Rd7 49. Bxg5 Ke6+ 50. Ke2 Rd5 51. Rh6+ Kf5 52. Bxf4 Kxf4 53. Rxh4+ Kg5 54. Rh7 c5 55. f3 Kf4 56. Rf7+ Ke5 57. Ke3 c4 58. Ra7 Rd3+ 59. Ke2 Rd6 60. Rh7 Kf4 61. Rf7+ Ke5 62. Re7+ Kf4 63. Re4+ Kf5 64. Rd4 Rh6 65. Ke3 Rh2 66. Rd5+ Ke6 67. Rd2 Rh5 68. f4 Rh1 69. Kd4 Kf5 70. Rf2 Rd1+ 71. Kc5 Rd3 72. Kb6 Rd6+ 73. Kc7 Re6 74. Kb7 Rd6 75. Ka7 Re6 76. Kb7 Rd6 77. Kc7 Re6 78. Kd7 Rh6 79. Rd2 Kxf4 80. Rd5 Ke3 81. Rd4 Rh2 82. a4 Rxb2 83. axb5 axb5 84. Kc6 Rb3 85. Rd8 1-0

[Event "Titled Tuesday intern op 2nd Oct"]
[Site "Chess.com INT"]
[Date "2018.10.02"]
[Round "4"]
[White "Zeynalli, Rashad Hamza"]
[Black "Mosesov, Danylo"]
[Result "1/2-1/2"]
[WhiteElo "2318"]
[BlackElo "2284"]
[PlyCount "242"]
[EventDate "2018.10.02"]
[EventType "swiss (blitz)"]
[EventRounds "10"]
[EventCountry "USA"]
[SourceTitle "EXT 2021"]
[Source "ChessBase"]
[SourceDate "2020.10.23"]
[SourceVersion "1"]
[SourceVersionDate "2020.10.23"]
[SourceQuality "1"]

1. e4 c5 2. Nf3 e6 3. d4 cxd4 4. Nxd4 Nc6 5. Nc3 Qc7 6. Be3 a6 7. Qd2 Nf6 8. 0-0-0 Bb4 9. f3 Ne5 10. Nb3 0-0 11. Qd4 Nc6 12. Qd2 Na5 13. Bd4 Nxb3+ 14. axb3 Qa5 15. Kb1 e5 16. Be3 b5 17. g4 d5 18. exd5 Bb7 19. Qd3 Rac8 20. Bd2 Rfd8 21. Na2 Bxd2 22. Qxd2 Qxd2 23. Rxd2 Bxd5 24. Be2 Bb7 25. Rhd1 Rxd2 26. Rxd2 e4 27. fxe4 Nxe4 28. Rd7 Nc5 29. Re7 Kf8 30. Re5 f6 31. Re3 Rd8 32. Kc1 Nd7 33. c4 Ne5 34. h3 Rc8 35. Rc3 bxc4 36. bxc4 Nc6 37. b3 Nd4 38. Bd1 Re8 39. Rd3 Nc6 40. Rd7 Bc8 41. Rc7 Ne5 42. Nb4 Rd8 43. Nd5 Be6 44. Nf4 Bf7 45. Ra7 Rd6 46. c5 Rc6 47. b4 g5 48. Ba4 gxf4 49. Bxc6 Nxc6 50. Rxa6 Nxb4 51. Rxf6 Nd3+ 52. Kd2 Nxc5 53. Rxf4 Kg7 54. Rb4 Ne6 55. Ke3 Kg6 56. h4 h6 57. Rb6 Kg7 58. Ke4 Nc5+ 59. Kf5 Nd3 60. g5 hxg5 61. hxg5 Nc5 62. g6 Be6+ 63. Kg5 Bd7 64. Kh5 Ne6 65. Rb7 Nf8 66. Kg5 Ne6+ 67. Kh5 Nf8 68. Ra7 Kf6 69. Kh6 Nxg6 70. Rxd7 Ne5 71. Rd6+ Kf5 72. Kg7 Ke4 73. Kf6 Ng4+ 74. Ke6 Ne5 75. Ra6 Nc4 76. Ra4 Kd4 77. Ra1 Ne3 78. Rc1 Nc4 79. Rd1+ Ke4 80. Rd8 Ne3 81. Rh8 Kf4 82. Rh4+ Ng4 83. Kd5 Kf5 84. Rh1 Kf4 85. Rf1+ Ke3 86. Rf8 Kd3 87. Rf3+ Ne3+ 88. Ke5 Ke2 89. Ke4 Nf1 90. Rh3 Nd2+ 91. Kd4 Nf3+ 92. Kd5 Ke3 93. Rh8 Kd3 94. Re8 Nd4 95. Rh8 Nc2 96. Rh3+ Ne3+ 97. Ke5 Ke2 98. Ke4 Nf1 99. Ra3 Nd2+ 100. Kf4 Nf1 101. Ke4 Nd2+ 102. Kd4 Nf3+ 103. Ke4 Nd2+ 104. Kf4 Nf1 105. Rb3 Nd2 106. Re3+ Kd1 107. Rd3 Kc2 108. Ke3 Nc4+ 109. Kd4 Nd2 110. Rc3+ Kd1 111. Ke3 Nb1 112. Rc8 Na3 113. Kd3 Nb1 114. Rc7 Na3 115. Rb7 Kc1 116. Rb4 Nb1 117. Rb3 Nd2 118. Rc3+ Kd1 119. Ra3 Kc1 120. Ra8 Nb1 121. Ra7 Kb2 1/2-1/2

[Event "Titled Tuesday intern op 4th Sept"]
[Site "Chess.com INT"]
[Date "2018.09.04"]
[Round "3"]
[White "Viviani, Alessio"]
[Black "Zeynalli, Rashad Hamza"]
[Result "0-1"]
[WhiteElo "2268"]
[BlackElo "2318"]
[PlyCount "80"]
[EventDate "2018.09.04"]
[EventType "swiss (blitz)"]
[EventRounds "10"]
[EventCountry "USA"]
[SourceTitle "EXT 2021"]
[Source "ChessBase"]
[SourceDate "2020.10.23"]
[SourceVersion "1"]
[SourceVersionDate "2020.10.23"]
[SourceQuality "1"]

1. d4 f5 2. Qd3 d5 3. g4 fxg4 4. h3 Nf6 5. Bg5 Ne4 6. Bf4 Nc6 7. hxg4 Nb4 8. Qb3 e6 9. f3 Bd6 10. Bxd6 Qxd6 11. fxe4 0-0 12. e5 Qe7 13. Nf3 c5 14. c3 Nc6 15. Nbd2 cxd4 16. cxd4 Bd7 17. 0-0-0 a5 18. Kb1 a4 19. Qd3 g6 20. a3 b5 21. e4 b4 22. Bg2 Rab8 23. Ka1 bxa3 24. Qxa3 Nb4 25. Rc1 Rfc8 26. Kb1 Bb5 27. Rxc8+ Rxc8 28. Bf1 Bc6 29. Bd3 Rf8 30. Rc1 Ba8 31. Ne1 Rf2 32. Rc8+ Kg7 33. Qc3 Bc6 34. Nc2 Nxd3 35. Qxd3 Qb7 36. Rd8 dxe4 37. Qc3 Rg2 38. Nb4 Bd5 39. Nxd5 exd5 40. e6 a3 0-1

[Event "Titled Tuesday intern op 4th Sept"]
[Site "Chess.com INT"]
[Date "2018.09.04"]
[Round "1"]
[White "Zeynalli, Rashad Hamza"]
[Black "Taher, Yoseph Theolifus"]
[Result "0-1"]
[WhiteElo "2318"]
[BlackElo "2444"]
[PlyCount "74"]
[EventDate "2018.09.04"]
[EventType "swiss (blitz)"]
[EventRounds "10"]
[EventCountry "USA"]
[SourceTitle "EXT 2021"]
[Source "ChessBase"]
[SourceDate "2020.10.23"]
[SourceVersion "1"]
[SourceVersionDate "2020.10.23"]
[SourceQuality "1"]

1. d4 Nf6 2. Bf4 g6 3. e3 Bg7 4. Nf3 0-0 5. Be2 d6 6. 0-0 Nbd7 7. h3 b6 8. a4 a6 9. Bh2 Bb7 10. Nbd2 Re8 11. Nc4 e6 12. b4 Qe7 13. c3 Ne4 14. Qc2 e5 15. Rfd1 Rad8 16. d5 f5 17. a5 b5 18. Nb2 Ndf6 19. c4 Kh8 20. cxb5 Nxd5 21. Qb3 Ndc3 22. Bf1 Nxb5 23. Rac1 c6 24. Na4 h6 25. Nb6 d5 26. Bxb5 axb5 27. Ra1 Nd6 28. a6 Ba8 29. a7 Nc4 30. Nxc4 bxc4 31. Qb2 Rd7 32. b5 e4 33. Nd4 c5 34. Nc6 Bxb2 35. Nxe7 Rexe7 36. Rab1 c3 37. b6 c2 0-1